Представление документа в формате MARC21

ПолеНазваниеЗначение
  Тип записи a
  Библиографический уровень m
001 Контрольный номер BIBLIOCLUB\0000725689
005 Дата корректировки 20260430154907.3
006 m o d
007 Элементы данных для физической характеристики c|||||||||||||
008 Кодируемые данные s2025 rus o rus d
020 Индекс ISBN __
a ISBN 978-5-9729-2412-7
041 Код языка издания 0_
a Код языка текста rus
084 Индекс другой классификации/Индекс ББК __
a Индекс другой классификации/Индекс ББК 13я73
b Номер единицы LBC/PL
2 Источник индекса rubbk
084 Индекс другой классификации/Индекс ББК __
a Индекс другой классификации/Индекс ББК 16.333.23я73
b Номер единицы LBC/PL
2 Источник индекса rubbk
100 Автор 1_
a Автор Дусакаева С. Т.
245 Заглавие 10
a Заглавие Системный анализ и принятие решений: практикум
b Продолж. заглавия учебное пособие
c Ответственность С. Т. Дусакаева, Л. С. Гришина
260 Выходные данные __
a Место издания Москва, Вологда
b Издательство Инфра-Инженерия
c Дата издания 2025
300 Физическое описание __
a Объем 104 с.
504 Библиография __
a Библиография Библиогр.: с. 70-72.
653 Ключевые слова 1_
a Ключевые слова Учебник для высшей школы
700 Другие авторы _1
a Другие авторы Гришина Л. С.
856 Электронный адрес документа 40
3 Область применения данных поля Университетская библиотека ONLINE
u URL https://biblioclub.ru/index.php?page=book&id=725689
900 Электронные ресурсы __
a Имя электронного ресурса https://img.biblioclub.ru/sm_cover/0801953818bec3112fe6e689ab83ae76cej3hc7vve/cover.jpg